<?xml version="1.0" encoding="UTF-8"?>
<record
    xmlns:xsi="http://www.w3.org/2001/XMLSchema-instance"
    xsi:schemaLocation="http://www.loc.gov/MARC21/slim http://www.loc.gov/standards/marcxml/schema/MARC21slim.xsd"
    xmlns="http://www.loc.gov/MARC21/slim">

  <leader>01320nam a22002417a 4500</leader>
  <controlfield tag="001">4939</controlfield>
  <controlfield tag="003">FISKH</controlfield>
  <controlfield tag="005">20241025150034.0</controlfield>
  <controlfield tag="008">241025b        cb ||||| |||| 00| 0 eng d</controlfield>
  <datafield tag="020" ind1=" " ind2=" ">
    <subfield code="a">9780330432924</subfield>
  </datafield>
  <datafield tag="040" ind1=" " ind2=" ">
    <subfield code="a">FISKH</subfield>
    <subfield code="b">eng</subfield>
    <subfield code="c">FISKH</subfield>
    <subfield code="d">FISKH</subfield>
  </datafield>
  <datafield tag="050" ind1=" " ind2=" ">
    <subfield code="a">PR6056.I4588</subfield>
  </datafield>
  <datafield tag="082" ind1=" " ind2=" ">
    <subfield code="a">823.914</subfield>
  </datafield>
  <datafield tag="100" ind1=" " ind2=" ">
    <subfield code="a">Fielding, Helen</subfield>
  </datafield>
  <datafield tag="245" ind1=" " ind2=" ">
    <subfield code="a">Olivia Joules and the Overactive Imagination /</subfield>
    <subfield code="c">by Helen Fielding</subfield>
  </datafield>
  <datafield tag="260" ind1=" " ind2=" ">
    <subfield code="a">New York :</subfield>
    <subfield code="b">Picador ;</subfield>
    <subfield code="c">2003 .</subfield>
  </datafield>
  <datafield tag="300" ind1=" " ind2=" ">
    <subfield code="a">343 pages : </subfield>
    <subfield code="b">illustrations ;</subfield>
    <subfield code="c">19 cm . </subfield>
  </datafield>
  <datafield tag="520" ind1=" " ind2=" ">
    <subfield code="a">She's a dazzling independent beauty journalist turned secret agent, and she's got her priorities right on the money: pack the hairdryer first, the nerve agent dispenser later. Her name is Olivia Joules ("as in the unit of kinetic energy") and she's ready to take America by storm with charm, style, and her infamous Overactive Imagination. Could her arch-enemy truly be Pierre Ferramo, he of the hooded eyes, impeccable taste, unimaginable wealth, exotic international homes, and dubious French accent? Could he be a terrorist bent on the destruction of the Western world, or is it just Olivia's imagination investing a naughty playboy with deadly significance?</subfield>
  </datafield>
  <datafield tag="650" ind1=" " ind2=" ">
    <subfield code="a">chick lit</subfield>
    <subfield code="v">fiction</subfield>
  </datafield>
  <datafield tag="700" ind1=" " ind2=" ">
    <subfield code="a">Brownfield, Mick</subfield>
    <subfield code="e">illustrator </subfield>
  </datafield>
  <datafield tag="942" ind1=" " ind2=" ">
    <subfield code="2">ddc</subfield>
    <subfield code="c">BK</subfield>
    <subfield code="n">0</subfield>
  </datafield>
  <datafield tag="999" ind1=" " ind2=" ">
    <subfield code="c">4939</subfield>
    <subfield code="d">4939</subfield>
  </datafield>
  <datafield tag="952" ind1=" " ind2=" ">
    <subfield code="0">0</subfield>
    <subfield code="1">0</subfield>
    <subfield code="2">ddc</subfield>
    <subfield code="4">0</subfield>
    <subfield code="7">0</subfield>
    <subfield code="8">FIC</subfield>
    <subfield code="a">001</subfield>
    <subfield code="b">001</subfield>
    <subfield code="c">SBS</subfield>
    <subfield code="d">2024-10-25</subfield>
    <subfield code="l">0</subfield>
    <subfield code="o">FIE 823.914 PR6056.I4588</subfield>
    <subfield code="p">FISSE03140</subfield>
    <subfield code="r">2024-10-25 15:00:31</subfield>
    <subfield code="w">2024-10-25</subfield>
    <subfield code="y">BK</subfield>
  </datafield>
</record>
